| 000 | 00834nam a2200217Ia 4500 | ||
|---|---|---|---|
| 999 |
_c39852 _d39852 |
||
| 001 | 6457 | ||
| 003 | GE_BSU | ||
| 005 | 20191004154113.0 | ||
| 008 | 181216s1952||||ge |||||||||||||| ||geo|| | ||
| 040 | _cGE_BSU | ||
| 041 | _ageo | ||
| 080 | _a821.353.1-311.6 ბ-45 | ||
| 100 |
_aბელიაშვილი, აკაკი _94491 |
||
| 245 |
_aახალგაზრდები : _bმოთხრობა / _cაკაკი ბელიაშვილი ; რედ. დ. შენგელაია. |
||
| 264 |
_aთბილისი : _bსაბლიტგამი ; _c1952. |
||
| 300 |
_a192 გვ. ; _c17 სმ. |
||
| 653 | _aახალგაზრდები | ||
| 653 | _aმოთხრობა | ||
| 700 |
_aშენგელაია, დ. _eრედაქტორი _94533 |
||
| 942 |
_cBK _2udc |
||